| 000 | 01201cam a22003374a 4500 | ||
|---|---|---|---|
| 001 | 3090880 | ||
| 003 | OSt | ||
| 005 | 20140310182721.0 | ||
| 008 | 981116s2000 njua i 001 0 eng | ||
| 010 | _a 98051137 | ||
| 020 | _a9814096474 | ||
| 035 | _a(DLC) 98051137 | ||
| 040 |
_aDLC _cDLC _dDLC |
||
| 042 | _apcc | ||
| 050 | 0 | 4 |
_aQA 76.8.I2674 _b.B76 2001 |
| 100 | 1 | _aBrey, Barry B. | |
| 245 | 1 | 4 |
_aThe Intel microprocessors : _b8086/8088, 80186/80188, 80286, 80386, 80486, Pentium, Pentium Pro, and Pentium II processors : architecture, programming, and interfacing / _cBarry B. Brey. |
| 250 | _a5th ed. | ||
| 260 |
_aUpper Saddle River, N.J. : _bPrentice Hall, _c2001. |
||
| 300 |
_aix, 966 p. : _bill. ; _c26 cm. |
||
| 500 | _aIncludes index. | ||
| 521 | _aIT | ||
| 526 | _c0L -1700L | ||
| 562 | _efor circulation. 1 copy available in the collection | ||
| 650 | 0 | _aIntel 80xxx series microprocessors. | |
| 650 | 0 | _aPentium (Microprocessor) | |
| 906 |
_a7 _bcbc _corignew _d1 _eocip _f19 _gy-gencatlg |
||
| 942 |
_2lcc _cBK _kFOR |
||
| 999 |
_c15335 _d15335 |
||